• 首页
  • 本馆介绍
  • 公告通知
  • 最新文献
  • 馆藏检索
  • 电子资源
  • 读者导购
  • 参考咨询
  • 我的图书馆
  • 登录
  • 详细信息显示
  • 放入我的书架
  • 预约/预借图书
  • 作者相关作品
  • 分类相关作品
  • 丛书相关作品
  • 出版社相关作品

书目信息

  • 表格格式
  • 工作单格式
  • 卡片格式
题名:
建设工程技术与计量
    
 
作者: ;建设工程教育网 编
分册:   安装工程
出版信息: 北京   中国计划出版社  2017.05
页数: 313页
开本: 26cm
丛书名: 2017年版全国造价工程师执业资格考试经典题解
单 册:
中图分类: TU74-44 , TU723.3-44
科图分类:
主题词: 建筑工程--jian zhu gong cheng--工程施工--资格考试--题解 , 建筑造价--jian zhu zao jia--工程造价--工程计算--资格考试--题解 , 建筑安装--jian zhu an zhuang--工程造价--资格考试--题解
电子资源:
ISBN: 978-7-5182-0635-3
000 01395nam 2200325 450
001 CAL 0120172223319
005 20171227212626.77
010    @a978-7-5182-0635-3@b@dCNY55.00
100    @a20170626d2017 em y0chiy50 ea
101 0  @achi
102    @aCN@b110000
105    @ak z 000yy
106    @ar
200 1  @a建设工程技术与计量@Ajian she gong cheng ji shu yu ji liang@g@i安装工程@f建设工程教育网编
205    @a第6版
210    @a北京@c中国计划出版社@d2017.05
215    @a313页@c@d26cm
225 2  @a2017年版全国造价工程师执业资格考试经典题解@A2017 nian ban quan guo zao jia gong cheng shi zhi ye zi ge kao shi jing dian ti jie
330    @a全书主要内容包括六章和两套模拟题, 以“主要知识点+例题解析”的形式, 每一章节列出大量例题, 方便考生融会贯通。内容包括: 安装工程材料 ; 安装工程施工技术 ; 安装工程计量 ; 通用设备工程等。
410  0 @12001 @a2017年版全国造价工程师执业资格考试经典题解
517 1  @a安装工程@Aan zhuang gong cheng
606 0  @a建筑工程@Ajian zhu gong cheng@x工程施工@x资格考试@j题解
606 0  @a建筑造价@Ajian zhu zao jia@x工程造价@x工程计算@x资格考试@j题解
606 0  @a建筑安装@Ajian zhu an zhuang@x工程造价@x资格考试@j题解
690    @aTU74-44@v5
690    @aTU723.3-44@v5
711 02 @a建设工程教育网@Ajian she gong cheng jiao yu wang@4编
801  0 @aCN@b人天书店@c20170626@g
905    @aBZT@dTU74-44@e2-1=6
906    @dCNY55.00@n3@r1
    
    建设工程技术与计量.安装工程/建设工程教育网编.-第6版.-北京:中国计划出版社,2017.05
    313页;26cm.-(2017年版全国造价工程师执业资格考试经典题解)
    
    
    ISBN 978-7-5182-0635-3:CNY55.00
    全书主要内容包括六章和两套模拟题, 以“主要知识点+例题解析”的形式, 每一章节列出大量例题, 方便考生融会贯通。内容包括: 安装工程材料 ; 安装工程施工技术 ; 安装工程计量 ; 通用设备工程等。
●
相关链接 在五车中查询图书 在当当中查询图书 在豆瓣中查询图书


正题名:建设工程技术与计量     索取号:TU74-44/2-1=6         预约/预借

序号 登录号 条形码 馆藏地/架位号 状态 备注
1 838470   2000838470   第二书库/ [索取号:TU74-44/2-1=6] 在馆    
2 838471   2000838471   第二书库/ [索取号:TU74-44/2-1=6] 在馆    
3 838472   2000838472   第二书库/ [索取号:TU74-44/2-1=6] 在馆    
山东省滨州职业学院图书馆 欢迎您!
大连网信软件有限公司© 版权所有